Current Medical Diagnosis& Treatment (Record no. 3613)

MARC details
000 -LEADER
fixed length control field 00364nam a2200145Ia 4500
008 - FIXED-LENGTH DATA ELEMENTS--GENERAL INFORMATION
fixed length control field 230312s9999||||xx |||||||||||||| ||und||
020 ## - INTERNATIONAL STANDARD BOOK NUMBER
International Standard Book Number 0-07-141743-5
082 ## - DEWEY DECIMAL CLASSIFICATION NUMBER
Classification number 616.075
Item number TIE-C
100 ## - MAIN ENTRY--PERSONAL NAME
Personal name Tierney;Lawrence,M
245 #0 - TITLE STATEMENT
Title Current Medical Diagnosis& Treatment
260 ## - PUBLICATION, DISTRIBUTION, ETC.
Name of publisher, distributor, etc. Through
Place of publication, distribution, etc. UK
Date of publication, distribution, etc. 2000
300 ## - PHYSICAL DESCRIPTION
Extent 1863
650 ## - SUBJECT ADDED ENTRY--TOPICAL TERM
Topical term or geographic name entry element Medical
Form subdivision Pathology
942 ## - ADDED ENTRY ELEMENTS (KOHA)
Koha item type BOOK
Holdings
Withdrawn status Lost status Source of classification or shelving scheme Damaged status Not for loan Home library Current library Date acquired Total Checkouts Full call number Barcode Date last seen Price effective from Koha item type
    Dewey Decimal Classification     Superior Information Resource Center (SIRC) Superior University- Main Campus Superior Information Resource Center (SIRC) Superior University- Main Campus 03/13/2023   616.075 TIE-C 3636 03/13/2023 03/13/2023 BOOK

Powered by Koha